[Event "DEN-chT 0607"]
[Site "Denmark"]
[Date "2006.11.05"]
[Round "2.2"]
[White "Matthiesen, Arne"]
[Black "Brynell, Stellan"]
[Result "0-1"]
[WhiteElo "2338"]
[BlackElo "2497"]
[PlyCount "78"]
[EventDate "2006.11.04"]
[EventType "team"]
[EventRounds "9"]
[EventCountry "DEN"]
[Source "ChessBase"]
[SourceDate "2007.02.01"]
[WhiteTeam "SK 1968"]
[BlackTeam "Nordkalotten"]
[WhiteTeamCountry "DEN"]
[BlackTeamCountry "DEN"]

1. d4 e6 2. c4 Nf6 3. Nf3 b6 4. g3 Ba6 5. b3 Bb7 6. Bg2 Bb4+ 7. Bd2 a5 8. Nc3
O-O 9. Qc2 d6 10. O-O Nbd7 11. Rfe1 Bxc3 12. Bxc3 Be4 13. Qc1 h6 14. Qf4 Qe7
15. Rad1 a4 16. b4 b5 17. cxb5 Nb6 18. Rc1 Qe8 19. Nd2 Nbd5 20. Qh4 Bxg2 21.
Kxg2 Qxb5 22. a3 Qc6 23. e4 Nxc3 24. Re3 Nfd5 25. Rf3 Qb7 26. exd5 Nxd5 27. Qe4
Rae8 28. Kg1 f5 29. Qc2 Qa7 30. Rd3 Rf7 31. Nb1 f4 32. Nc3 Nxc3 33. Qxc3 e5 34.
dxe5 fxg3 35. Rxg3 Qxf2+ 36. Kh1 Rxe5 37. Rcg1 Qf5 38. R3g2 Qe4 39. Qh3 Rg5 0-1

[Event "DEN-chT 0607"]
[Site "Denmark"]
[Date "2006.11.05"]
[Round "2.3"]
[White "Ejsing, Esben"]
[Black "Bank, Pelle Rodkjaer"]
[Result "1/2-1/2"]
[WhiteElo "2275"]
[BlackElo "2260"]
[PlyCount "57"]
[EventDate "2006.11.04"]
[EventType "team"]
[EventRounds "9"]
[EventCountry "DEN"]
[Source "ChessBase"]
[SourceDate "2007.02.01"]
[WhiteTeam "Nordkalotten"]
[BlackTeam "SK 1968"]
[WhiteTeamCountry "DEN"]
[BlackTeamCountry "DEN"]

1. e4 g6 2. d4 Bg7 3. Nc3 c6 4. f4 d5 5. e5 Qb6 6. Na4 Qc7 7. Be3 Nh6 8. Nf3
Bg4 9. Be2 Nd7 10. Bf2 f6 11. O-O O-O 12. h3 Bxf3 13. Bxf3 fxe5 14. fxe5 e6 15.
Qe2 c5 16. Nxc5 Nxc5 17. dxc5 Nf7 18. Kh1 Ng5 19. Bg4 h5 20. Bh4 hxg4 21. Bxg5
gxh3 22. gxh3 Qxe5 23. Qxe5 Bxe5 24. Bh6 Rf5 25. Rxf5 exf5 26. Rd1 d4 27. Re1
Bf6 28. Bf4 Kf7 29. Kg2 1/2-1/2

[Event "DEN-chT 0607"]
[Site "Denmark"]
[Date "2006.11.05"]
[Round "2.4"]
[White "Lindfeldt, Jan Magnus"]
[Black "Nielsen, Lars Aaes"]
[Result "0-1"]
[WhiteElo "2210"]
[BlackElo "2221"]
[PlyCount "126"]
[EventDate "2006.11.04"]
[EventType "team"]
[EventRounds "9"]
[EventCountry "DEN"]
[Source "ChessBase"]
[SourceDate "2007.02.01"]
[WhiteTeam "SK 1968"]
[BlackTeam "Nordkalotten"]
[WhiteTeamCountry "DEN"]
[BlackTeamCountry "DEN"]

1. e4 e6 2. d4 d5 3. Nc3 Bb4 4. Nge2 dxe4 5. a3 Be7 6. Nxe4 Nf6 7. N2c3 Nbd7 8.
g3 O-O 9. Bg2 e5 10. Nxf6+ Bxf6 11. d5 Nb6 12. Qe2 Re8 13. O-O Bf5 14. Ne4 Be7
15. c4 Qd7 16. Be3 Qa4 17. Rac1 Rad8 18. Rfd1 Qd7 19. Nc3 Bg4 20. f3 Bh5 21. c5
Na4 22. Nxa4 Qxa4 23. Qc4 Qxc4 24. Rxc4 f5 25. Rd2 Bf7 26. Rb4 Bxd5 27. Kf2 Bc6
28. Rxd8 Rxd8 29. Bf1 Kf8 30. Rc4 Rd1 31. Be2 Rd7 32. Rc2 g5 33. b4 a6 34. Bc1
e4 35. fxe4 Bxe4 36. Rd2 Rxd2 37. Bxd2 Bf6 38. Ke3 Bc2 39. Bc4 Ke7 40. Bc1 Bc3
41. Bd5 c6 42. Bg8 h6 43. Ke2 Kf6 44. Bc4 Be4 45. Bd2 Bxd2 46. Kxd2 Ke5 47. Ke3
f4+ 48. gxf4+ gxf4+ 49. Kf2 Bd5 50. Bd3 Be6 51. Bh7 Bg4 52. Bg8 Kd4 53. Bf7 Kc3
54. h3 Bxh3 55. Kf3 Kb2 56. a4 Ka3 57. b5 Kxa4 58. bxa6 bxa6 59. Kxf4 Kb5 60.
Ke5 Kxc5 61. Kf6 Bg4 62. Kg6 h5 63. Kg5 a5 0-1

[Event "DEN-chT 0607"]
[Site "Denmark"]
[Date "2006.11.05"]
[Round "2.5"]
[White "Jakobsen, Peter"]
[Black "Hansen, Lars"]
[Result "1/2-1/2"]
[WhiteElo "2206"]
[BlackElo "2217"]
[PlyCount "80"]
[EventDate "2006.11.04"]
[EventType "team"]
[EventRounds "9"]
[EventCountry "DEN"]
[Source "ChessBase"]
[SourceDate "2007.02.01"]
[WhiteTeam "Nordkalotten"]
[BlackTeam "SK 1968"]
[WhiteTeamCountry "DEN"]
[BlackTeamCountry "DEN"]

1. c4 g6 2. g3 Bg7 3. Bg2 e5 4. Nc3 d6 5. e4 c6 6. Nge2 f5 7. d3 Nf6 8. exf5
Bxf5 9. O-O O-O 10. h3 Qd7 11. Kh2 Na6 12. d4 Nb4 13. Bg5 exd4 14. Nxd4 Bd3 15.
Re1 Bxc4 16. Qd2 Nd3 17. Rf1 Ng4+ 18. hxg4 Bxd4 19. f3 c5 20. b3 Ba6 21. Nd5
Kh8 22. Rad1 Ne5 23. Bf6+ Rxf6 24. Nxf6 Qg7 25. g5 Bxf1 26. Rxf1 Nf7 27. f4
Bxf6 28. gxf6 Qxf6 29. Bxb7 Re8 30. Re1 Rxe1 31. Qxe1 Qd8 32. Bd5 Kg7 33. Qc3+
Qf6 34. Qa5 Nh6 35. Qxa7+ Kf8 36. Qb8+ Ke7 37. Qc7+ Kf8 38. Qc8+ Ke7 39. Qc7+
Kf8 40. Qc8+ Ke7 1/2-1/2

[Event "DEN-chT 0607"]
[Site "Denmark"]
[Date "2006.11.05"]
[Round "2.6"]
[White "Hansen, Bjarne"]
[Black "Lilja, Richard"]
[Result "1-0"]
[WhiteElo "2241"]
[BlackElo "2069"]
[PlyCount "87"]
[EventDate "2006.11.04"]
[EventType "team"]
[EventRounds "9"]
[EventCountry "DEN"]
[Source "ChessBase"]
[SourceDate "2007.02.01"]
[WhiteTeam "SK 1968"]
[BlackTeam "Nordkalotten"]
[WhiteTeamCountry "DEN"]
[BlackTeamCountry "DEN"]

1. d4 g6 2. e4 Bg7 3. c4 d6 4. Nc3 Nf6 5. Bd3 e5 6. d5 a5 7. Nge2 Na6 8. O-O
O-O 9. Bg5 h6 10. Bh4 Nc5 11. Bc2 g5 12. Bg3 Nh5 13. a3 Nf4 14. b4 axb4 15.
axb4 Rxa1 16. Qxa1 Nxe4 17. Bxe4 Nxe2+ 18. Nxe2 f5 19. Bc2 f4 20. Be4 Bf5 21.
f3 fxg3 22. Nxg3 Bxe4 23. fxe4 Rf4 24. Qa7 Qc8 25. Nf5 Kh7 26. Re1 h5 27. Qa3
g4 28. c5 Bf8 29. Qc1 Qd8 30. c6 Qb8 31. b5 bxc6 32. bxc6 Qb4 33. Qe3 h4 34.
Nxh4 Bh6 35. Qe2 Qd4+ 36. Kh1 Rf2 37. Qxg4 Qd2 38. Rg1 Qg5 39. Qd7+ Kg8 40. Nf5
Qf4 41. Qc8+ Kh7 42. Qxc7+ Kh8 43. Qd8+ Kh7 44. Qe7+ 1-0

[Event "DEN-chT 0607"]
[Site "Denmark"]
[Date "2006.11.05"]
[Round "2.7"]
[White "Koch, Soren Andreas"]
[Black "Christensen, Thomas"]
[Result "0-1"]
[WhiteElo "2079"]
[BlackElo "2271"]
[PlyCount "112"]
[EventDate "2006.11.04"]
[EventType "team"]
[EventRounds "9"]
[EventCountry "DEN"]
[Source "ChessBase"]
[SourceDate "2007.02.01"]
[WhiteTeam "Nordkalotten"]
[BlackTeam "SK 1968"]
[WhiteTeamCountry "DEN"]
[BlackTeamCountry "DEN"]

1. d4 Nf6 2. Nf3 e6 3. c4 b6 4. g3 Ba6 5. b3 Bb7 6. Bg2 Bb4+ 7. Bd2 a5 8. O-O
O-O 9. Bc1 a4 10. a3 axb3 11. Qxb3 Be7 12. Nc3 Nc6 13. Bb2 Na5 14. Qa2 d6 15.
Rfd1 Ne4 16. Rac1 Bf6 17. e3 Qe8 18. Nb5 Qd7 19. a4 Rfc8 20. Ne5 Qe8 21. Ng4
Be7 22. f3 Nf6 23. Nf2 d5 24. c5 bxc5 25. dxc5 Nc4 26. Rxc4 dxc4 27. Qxc4 Bd5
28. Qc2 Bc6 29. Rb1 Rab8 30. Bxf6 Bxf6 31. Qc4 Rb7 32. e4 Rcb8 33. Bf1 e5 34.
Ng4 Qe7 35. Ne3 Qe6 36. Nd5 Bd8 37. Kg2 Be8 38. Ndc3 Qxc4 39. Bxc4 c6 40. Nd6
Rxb1 41. Nxb1 Rxb1 42. Nxe8 Kf8 43. Nd6 Bc7 44. f4 exf4 45. gxf4 Rc1 46. Bb3
Rc3 47. Bd1 Rxc5 48. e5 Bxd6 49. exd6 Ke8 50. Bb3 Kd7 51. Bxf7 Rc3 52. Bh5 Kxd6
53. Bd1 Rc1 54. Bb3 h6 55. Kf2 Rb1 56. Bf7 Rb4 0-1

[Event "DEN-chT 0607"]
[Site "Denmark"]
[Date "2006.11.05"]
[Round "2.8"]
[White "Christensen, Henrik1"]
[Black "Vestergaard, Andersen Peter"]
[Result "1-0"]
[WhiteElo "1970"]
[BlackElo "1934"]
[PlyCount "103"]
[EventDate "2006.11.04"]
[EventType "team"]
[EventRounds "9"]
[EventCountry "DEN"]
[Source "ChessBase"]
[SourceDate "2007.02.01"]
[WhiteTeam "SK 1968"]
[BlackTeam "Nordkalotten"]
[WhiteTeamCountry "DEN"]
[BlackTeamCountry "DEN"]

1. e4 e6 2. d4 d5 3. e5 c5 4. c3 Nc6 5. Nf3 Bd7 6. a3 c4 7. Nbd2 Na5 8. Be2 Ne7
9. O-O Nc8 10. a4 Nb6 11. b4 cxb3 12. Nxb3 Nxa4 13. Nxa5 Qxa5 14. Bd2 b5 15. c4
Qc7 16. cxb5 Nb6 17. Qb3 Be7 18. Rfc1 Qd8 19. Ba5 O-O 20. Ne1 Qb8 21. Qh3 f5
22. exf6 Rxf6 23. Bd3 Rh6 24. Qg3 Bd6 25. Qf3 Bxh2+ 26. Kf1 Bd6 27. Bd2 Rh1+
28. Ke2 Rh4 29. g3 Rh2 30. Kf1 Qe8 31. Kg1 Rh5 32. Ra6 e5 33. dxe5 Rxe5 34. Ng2
Re7 35. Rxb6 axb6 36. Qxd5+ Be6 37. Qxd6 Rd8 38. Qe5 Rxd3 39. Bb4 Rf7 40. Nf4
Rxf4 41. Qxf4 Qd8 42. Rc7 Rd1+ 43. Kh2 Qa8 44. Rxg7+ Kxg7 45. Bc3+ Kg6 46. Qf6+
Kh5 47. Qe5+ Kg4 48. Qxe6+ Kf3 49. Qe3+ Kg4 50. Qf4+ Kh5 51. g4+ Kh4 52. Bf6#
1-0

[Event "DEN-chT 0607"]
[Site "Denmark"]
[Date "2006.11.05"]
[Round "2.1"]
[White "Pedersen, Nicolai Vesterbaek"]
[Black "Hillarp Persson, Tiger"]
[Result "1/2-1/2"]
[WhiteElo "2492"]
[BlackElo "2550"]
[PlyCount "73"]
[EventDate "2006.11.04"]
[EventType "team"]
[EventRounds "9"]
[EventCountry "DEN"]
[Source "ChessBase"]
[SourceDate "2007.02.01"]
[WhiteTeam "Aalborg"]
[BlackTeam "Bronshoj"]
[WhiteTeamCountry "DEN"]
[BlackTeamCountry "DEN"]

1. d4 d5 2. c4 c6 3. Nf3 Nf6 4. e3 Bf5 5. Nc3 e6 6. Nh4 Be4 7. f3 Bg6 8. a3
dxc4 9. Bxc4 a6 10. Nxg6 hxg6 11. e4 b5 12. Be2 c5 13. Be3 cxd4 14. Qxd4 Nfd7
15. Rc1 Nc6 16. Qd2 Nce5 17. Rd1 Nc4 18. Bxc4 bxc4 19. Qc2 Qa5 20. Qa4 Qxa4 21.
Nxa4 Be7 22. Ke2 Rc8 23. f4 Rh5 24. Rxd7 Kxd7 25. Nb6+ Kc7 26. Nxc8 Kxc8 27.
Bd4 g5 28. f5 exf5 29. exf5 g4 30. Rc1 Rxh2 31. Rxc4+ Kd7 32. Kf2 Rh5 33. Bxg7
Rxf5+ 34. Kg3 Rb5 35. Rxg4 f6 36. b4 a5 37. Rd4+ 1/2-1/2

[Event "DEN-chT 0607"]
[Site "Denmark"]
[Date "2006.11.05"]
[Round "2.2"]
[White "Hoi, Carsten"]
[Black "Pedersen, Erik"]
[Result "1/2-1/2"]
[WhiteElo "2425"]
[BlackElo "2420"]
[PlyCount "21"]
[EventDate "2006.11.04"]
[EventType "team"]
[EventRounds "9"]
[EventCountry "DEN"]
[Source "ChessBase"]
[SourceDate "2007.02.01"]
[WhiteTeam "Bronshoj"]
[BlackTeam "Aalborg"]
[WhiteTeamCountry "DEN"]
[BlackTeamCountry "DEN"]

1. d4 Nf6 2. c4 c5 3. d5 e6 4. Nc3 exd5 5. cxd5 d6 6. e4 g6 7. Nf3 a6 8. Bg5 h6
9. Bh4 g5 10. Bg3 Nh5 11. Nd2 1/2-1/2

[Event "DEN-chT 0607"]
[Site "Denmark"]
[Date "2006.11.05"]
[Round "2.3"]
[White "Jakobsen, Lars Veno"]
[Black "Pilgaard, Kim"]
[Result "0-1"]
[WhiteElo "2304"]
[BlackElo "2420"]
[PlyCount "98"]
[EventDate "2006.11.04"]
[EventType "team"]
[EventRounds "9"]
[EventCountry "DEN"]
[Source "ChessBase"]
[SourceDate "2007.02.01"]
[WhiteTeam "Aalborg"]
[BlackTeam "Bronshoj"]
[WhiteTeamCountry "DEN"]
[BlackTeamCountry "DEN"]

1. d4 Nf6 2. c4 c5 3. d5 e6 4. Nc3 exd5 5. cxd5 d6 6. e4 g6 7. f3 Bg7 8. Bg5
O-O 9. Qd2 Na6 10. Nge2 h6 11. Be3 Rb8 12. Nb5 Ra8 13. Nec3 Kh7 14. Be2 Ne8 15.
O-O Bd7 16. Rab1 f5 17. exf5 Bxf5 18. Rbe1 Nb4 19. g4 Bd7 20. a3 Na6 21. Bd3
Nac7 22. Nxc7 Nxc7 23. Qc2 Be8 24. Be4 Qf6 25. Qg2 Nb5 26. Nxb5 Bxb5 27. Rf2
Qh4 28. Rc1 Rae8 29. b4 b6 30. bxc5 bxc5 31. Rb1 Bd3 32. Rb7 Bxe4 33. fxe4 Re7
34. Rxe7 Qxe7 35. Rxf8 Qxf8 36. Qf2 Qb8 37. Qc2 Qb5 38. Kf2 Be5 39. h4 c4 40.
h5 a6 41. Qd1 Qb2+ 42. Kf1 Qxa3 43. Qf3 Qa1+ 44. Ke2 Qb2+ 45. Kd1 Qb7 46. hxg6+
Kxg6 47. Qf8 Qb3+ 48. Ke2 Qd3+ 49. Kf3 Qf1+ 0-1

[Event "DEN-chT 0607"]
[Site "Denmark"]
[Date "2006.11.05"]
[Round "2.4"]
[White "Bromann, Thorbjorn"]
[Black "Meyer, Lars"]
[Result "1-0"]
[WhiteElo "2387"]
[BlackElo "2239"]
[PlyCount "67"]
[EventDate "2006.11.04"]
[EventType "team"]
[EventRounds "9"]
[EventCountry "DEN"]
[Source "ChessBase"]
[SourceDate "2007.02.01"]
[WhiteTeam "Bronshoj"]
[BlackTeam "Aalborg"]
[WhiteTeamCountry "DEN"]
[BlackTeamCountry "DEN"]

1. c4 Nf6 2. g3 g6 3. Bg2 Bg7 4. Nc3 c6 5. e4 d6 6. d3 Nbd7 7. h3 e5 8. Bg5 Nc5
9. Nge2 a5 10. Qd2 Bd7 11. O-O h6 12. Be3 h5 13. f4 Qe7 14. Rf2 Nh7 15. d4 exd4
16. Bxd4 f6 17. Rd1 Be6 18. f5 Bxc4 19. Nf4 Bh6 20. fxg6 Ng5 21. b3 Be6 22. Qb2
Bg7 23. h4 Bg4 24. hxg5 fxg5 25. Ncd5 Bxd4 26. Qxd4 Qe5 27. Qxe5+ dxe5 28. g7
Rg8 29. Nf6+ Kf7 30. Nxg4 hxg4 31. Nh5+ Kg6 32. Rd6+ Kxh5 33. Bf1 Nxe4 34. Rh2#
1-0

[Event "DEN-chT 0607"]
[Site "Denmark"]
[Date "2006.11.05"]
[Round "2.5"]
[White "Hellegaard, Carsten"]
[Black "Brinck Claussen, Bjorn"]
[Result "1/2-1/2"]
[WhiteElo "2230"]
[BlackElo "2320"]
[PlyCount "28"]
[EventDate "2006.11.04"]
[EventType "team"]
[EventRounds "9"]
[EventCountry "DEN"]
[Source "ChessBase"]
[SourceDate "2007.02.01"]
[WhiteTeam "Aalborg"]
[BlackTeam "Bronshoj"]
[WhiteTeamCountry "DEN"]
[BlackTeamCountry "DEN"]

1. d4 Nf6 2. c4 c5 3. d5 g6 4. Nc3 Bg7 5. e4 d6 6. f4 O-O 7. Be2 e6 8. Nf3 exd5
9. cxd5 Bg4 10. Nd2 Bxe2 11. Qxe2 a6 12. a4 Nbd7 13. O-O Ne8 14. Nc4 Nb6
1/2-1/2

[Event "DEN-chT 0607"]
[Site "Denmark"]
[Date "2006.11.05"]
[Round "2.7"]
[White "Nielsen, Jorgen G"]
[Black "Palm, Nikolaj"]
[Result "1/2-1/2"]
[WhiteElo "2186"]
[BlackElo "2268"]
[PlyCount "44"]
[EventDate "2006.11.04"]
[EventType "team"]
[EventRounds "9"]
[EventCountry "DEN"]
[Source "ChessBase"]
[SourceDate "2007.02.01"]
[WhiteTeam "Aalborg"]
[BlackTeam "Bronshoj"]
[WhiteTeamCountry "DEN"]
[BlackTeamCountry "DEN"]

1. d4 d5 2. c4 e6 3. Nc3 c6 4. e3 f5 5. Bd3 Nf6 6. Qc2 Be7 7. Nge2 O-O 8. Bd2
a5 9. h3 Ne4 10. O-O Nd7 11. Be1 Ndf6 12. f3 Nxc3 13. Nxc3 dxc4 14. Bxc4 Nd5
15. Bf2 b5 16. Nxd5 exd5 17. Bd3 Qd6 18. e4 g6 19. Rfe1 fxe4 20. fxe4 dxe4 21.
Bxe4 Bd7 22. Rad1 Rac8 1/2-1/2

[Event "DEN-chT 0607"]
[Site "Denmark"]
[Date "2006.11.05"]
[Round "2.8"]
[White "Paaske, Asger"]
[Black "Hjorth, Torben"]
[Result "1/2-1/2"]
[WhiteElo "2123"]
[BlackElo "2158"]
[PlyCount "24"]
[EventDate "2006.11.04"]
[EventType "team"]
[EventRounds "9"]
[EventCountry "DEN"]
[Source "ChessBase"]
[SourceDate "2007.02.01"]
[WhiteTeam "Bronshoj"]
[BlackTeam "Aalborg"]
[WhiteTeamCountry "DEN"]
[BlackTeamCountry "DEN"]

1. e4 Nc6 2. d4 d6 3. Nf3 Nf6 4. Nc3 Bg4 5. Be3 e6 6. Be2 Be7 7. Qd2 O-O 8. O-O
d5 9. exd5 exd5 10. Ne5 Bxe2 11. Nxc6 bxc6 12. Nxe2 a5 1/2-1/2

[Event "DEN-chT 0607"]
[Site "Denmark"]
[Date "2006.11.05"]
[Round "2.1"]
[White "Hansen, Sune Berg"]
[Black "Schandorff, Lars"]
[Result "1-0"]
[WhiteElo "2566"]
[BlackElo "2539"]
[PlyCount "69"]
[EventDate "2006.11.04"]
[EventType "team"]
[EventRounds "9"]
[EventCountry "DEN"]
[Source "ChessBase"]
[SourceDate "2007.02.01"]
[WhiteTeam "Helsingor"]
[BlackTeam "Helsinge"]
[WhiteTeamCountry "DEN"]
[BlackTeamCountry "DEN"]

1. e4 e5 2. Nf3 Nc6 3. Bc4 Nf6 4. d3 Be7 5. O-O O-O 6. Bb3 d6 7. c3 Na5 8. Bc2
c5 9. a3 Nc6 10. b4 a6 11. Re1 Re8 12. h3 b5 13. Bb2 Nd7 14. Nbd2 Bf6 15. Nf1
Nb6 16. Ne3 Be6 17. Ng4 Be7 18. bxc5 Bxg4 19. cxd6 Bxd6 20. hxg4 Qd7 21. g5
Rab8 22. Bc1 Qc7 23. Bd2 Rec8 24. Bb3 Na5 25. Ba2 Be7 26. c4 Nd7 27. cxb5 axb5
28. Bd5 Qa7 29. Bb4 Bc5 30. d4 exd4 31. g6 hxg6 32. Bxa5 Qxa5 33. Qb3 Qd8 34.
Bxf7+ Kh7 35. Qe6 1-0

[Event "DEN-chT 0607"]
[Site "Denmark"]
[Date "2006.11.05"]
[Round "2.2"]
[White "Berg, Emanuel"]
[Black "Mortensen, Erling"]
[Result "1-0"]
[WhiteElo "2582"]
[BlackElo "2470"]
[PlyCount "71"]
[EventDate "2006.11.04"]
[EventType "team"]
[EventRounds "9"]
[EventCountry "DEN"]
[Source "ChessBase"]
[SourceDate "2007.02.01"]
[WhiteTeam "Helsinge"]
[BlackTeam "Helsingor"]
[WhiteTeamCountry "DEN"]
[BlackTeamCountry "DEN"]

1. e4 c5 2. Nf3 e6 3. d4 cxd4 4. Nxd4 a6 5. Nc3 b5 6. Bd3 Bb7 7. O-O Nc6 8.
Nxc6 Bxc6 9. Re1 Qb8 10. a4 b4 11. Nd5 Nf6 12. Bf4 Bd6 13. Bxd6 Qxd6 14. Nb6
Rb8 15. a5 Qf4 16. Qf3 Qxf3 17. gxf3 d5 18. Bxa6 dxe4 19. fxe4 Bxe4 20. Ra4
Bxc2 21. Rxb4 O-O 22. Rc1 Bf5 23. Bc8 Bd3 24. a6 Rbxc8 25. Nxc8 Bxa6 26. Ne7+
Kh8 27. Rb6 Be2 28. Rc8 Rxc8 29. Nxc8 g5 30. Nd6 Kg7 31. Rb7 Bh5 32. b4 Nd5 33.
b5 Kf6 34. b6 Ke5 35. Nc4+ Kd4 36. Rd7 1-0

[Event "DEN-chT 0607"]
[Site "Denmark"]
[Date "2006.11.05"]
[Round "2.3"]
[White "Nielsen, Nicholas Roland"]
[Black "Hutters, Tomas"]
[Result "0-1"]
[WhiteElo "2158"]
[BlackElo "2426"]
[PlyCount "84"]
[EventDate "2006.11.04"]
[EventType "team"]
[EventRounds "9"]
[EventCountry "DEN"]
[Source "ChessBase"]
[SourceDate "2007.02.01"]
[WhiteTeam "Helsingor"]
[BlackTeam "Helsinge"]
[WhiteTeamCountry "DEN"]
[BlackTeamCountry "DEN"]

1. e4 c5 2. Nf3 d6 3. d4 cxd4 4. Nxd4 Nf6 5. Nc3 e6 6. g4 h6 7. h4 Nc6 8. Rg1
d5 9. Nxc6 bxc6 10. g5 hxg5 11. hxg5 Nd7 12. Bd3 g6 13. Qe2 Bg7 14. exd5 cxd5
15. Nxd5 Qa5+ 16. Bd2 Qxd5 17. Be4 Qe5 18. Bxa8 Qxb2 19. Rd1 O-O 20. Rh1 Nb6
21. Be4 Nd5 22. Kf1 Qxa2 23. Qf3 Qc4+ 24. Kg2 Bb7 25. Rh4 f5 26. Bxd5 Qxd5 27.
Qxd5 Bxd5+ 28. Kg1 Be4 29. c4 Rd8 30. Rxe4 fxe4 31. Kf1 Bc3 32. Ke2 Rxd2+ 33.
Rxd2 Bxd2 34. Kxd2 Kf8 35. Ke3 Ke7 36. Kxe4 Kd6 37. Kd4 a5 38. c5+ Kc6 39. Kc4
e5 40. f3 a4 41. Kb4 a3 42. Kxa3 Kxc5 0-1

[Event "DEN-chT 0607"]
[Site "Denmark"]
[Date "2006.11.05"]
[Round "2.4"]
[White "Bekker Jensen, Simon"]
[Black "Larsen, Ole Bogh"]
[Result "1/2-1/2"]
[WhiteElo "2372"]
[BlackElo "2226"]
[PlyCount "91"]
[EventDate "2006.11.04"]
[EventType "team"]
[EventRounds "9"]
[EventCountry "DEN"]
[Source "ChessBase"]
[SourceDate "2007.02.01"]
[WhiteTeam "Helsinge"]
[BlackTeam "Helsingor"]
[WhiteTeamCountry "DEN"]
[BlackTeamCountry "DEN"]

1. d4 Nf6 2. c4 g6 3. Nc3 d5 4. Nf3 Bg7 5. Qb3 dxc4 6. Qxc4 O-O 7. e4 Bg4 8.
Be3 Nfd7 9. Rd1 Nb6 10. Qb3 Nc6 11. d5 Ne5 12. Be2 Nxf3+ 13. gxf3 Bh5 14. a4
Qc8 15. h3 Nd7 16. f4 Bxc3+ 17. Qxc3 Bxe2 18. Kxe2 Nf6 19. Qe5 Qd7 20. b3 Qd6
21. Kf3 Qxe5 22. fxe5 Nd7 23. Bd4 f5 24. exf6 exf6 25. Rc1 Rac8 26. Ke3 Rfe8
27. Rc2 f5 28. f3 c5 29. dxc6 bxc6 30. b4 fxe4 31. fxe4 Re6 32. Re1 Nb6 33.
Bxb6 axb6 34. a5 bxa5 35. bxa5 Ra8 36. Ra1 Rae8 37. Ra4 Ra8 38. Kd4 Kf7 39. Rb2
Kf6 40. Rb6 Ke7 41. Rb7+ Kd6 42. Rxh7 c5+ 43. Kc3 Rae8 44. Kd3 Kc6 45. Rg7 Kb5
46. Rc4 1/2-1/2

[Event "DEN-chT 0607"]
[Site "Denmark"]
[Date "2006.11.05"]
[Round "2.5"]
[White "Jorgensen, Michael"]
[Black "Nilssen, John Arni"]
[Result "1-0"]
[WhiteElo "2201"]
[BlackElo "2377"]
[PlyCount "59"]
[EventDate "2006.11.04"]
[EventType "team"]
[EventRounds "9"]
[EventCountry "DEN"]
[Source "ChessBase"]
[SourceDate "2007.02.01"]
[WhiteTeam "Helsingor"]
[BlackTeam "Helsinge"]
[WhiteTeamCountry "DEN"]
[BlackTeamCountry "DEN"]

1. d4 Nf6 2. c4 g6 3. Nc3 d5 4. Nf3 Bg7 5. Qb3 dxc4 6. Qxc4 O-O 7. e4 Na6 8.
Be2 c5 9. d5 e6 10. O-O exd5 11. exd5 b6 12. Qh4 Nb4 13. Bg5 Qd6 14. Nb5 Qd8
15. d6 Bb7 16. a3 Nc2 17. Rad1 Re8 18. Nc3 h6 19. Bxh6 Ne4 20. Bg5 Nxg5 21.
Nxg5 Re5 22. Qh7+ Kf8 23. Nxf7 Kxf7 24. Bc4+ Kf6 25. Qh4+ g5 26. Qh7 Rf5 27. f4
gxf4 28. g4 Qd7 29. gxf5 Ne3 30. Qh4+ 1-0

[Event "DEN-chT 0607"]
[Site "Denmark"]
[Date "2006.11.05"]
[Round "2.6"]
[White "Bekker Jensen, David"]
[Black "Dalsberg, Sandra de Blecourt"]
[Result "1/2-1/2"]
[WhiteElo "2276"]
[BlackElo "2078"]
[PlyCount "41"]
[EventDate "2006.11.04"]
[EventType "team"]
[EventRounds "9"]
[EventCountry "DEN"]
[Source "ChessBase"]
[SourceDate "2007.02.01"]
[WhiteTeam "Helsinge"]
[BlackTeam "Helsingor"]
[WhiteTeamCountry "DEN"]
[BlackTeamCountry "DEN"]

1. d4 d5 2. c4 c6 3. Nc3 Nf6 4. e3 g6 5. Nf3 Bg7 6. Be2 O-O 7. O-O dxc4 8. Bxc4
Bg4 9. h3 Bxf3 10. Qxf3 Nbd7 11. Bb3 e5 12. Rd1 Qe7 13. dxe5 Nxe5 14. Qe2 c5
15. Nd5 Nxd5 16. Bxd5 Rac8 17. Bd2 c4 18. Bc3 b5 19. Rab1 Nd3 20. Qd2 Rfd8 21.
e4 1/2-1/2

[Event "DEN-chT 0607"]
[Site "Denmark"]
[Date "2006.11.05"]
[Round "2.7"]
[White "Jensen, Ib"]
[Black "Pape, Rasmus"]
[Result "1/2-1/2"]
[WhiteElo "1982"]
[BlackElo "2004"]
[PlyCount "103"]
[EventDate "2006.11.04"]
[EventType "team"]
[EventRounds "9"]
[EventCountry "DEN"]
[Source "ChessBase"]
[SourceDate "2007.02.01"]
[WhiteTeam "Helsingor"]
[BlackTeam "Helsinge"]
[WhiteTeamCountry "DEN"]
[BlackTeamCountry "DEN"]

1. d4 f5 2. Nf3 Nf6 3. e3 g6 4. Be2 Bg7 5. Nbd2 O-O 6. h4 d6 7. Nf1 h6 8. Ng3
Ne4 9. Nxe4 fxe4 10. Nd2 d5 11. f4 exf3 12. Nxf3 Qd6 13. Bd2 Qg3+ 14. Kf1 Nc6
15. Be1 Qd6 16. Kg1 e5 17. Bg3 Qe7 18. dxe5 Be6 19. Qd3 Bf7 20. Qc3 a6 21. Rd1
Rae8 22. Bxa6 Nxe5 23. Bxe5 Bxe5 24. Nxe5 Qxe5 25. Bxb7 Qxc3 26. bxc3 Rxe3 27.
Rh3 Rxh3 28. gxh3 Rb8 29. Rb1 Kg7 30. a4 d4 31. a5 Bc4 32. Rb4 dxc3 33. Rxc4
Rxb7 34. Rxc3 Ra7 35. Ra3 Kf6 36. Kf2 Ke5 37. Ke3 Kd5 38. Kd3 Kc5 39. c3 Ra6
40. Ra2 Rd6+ 41. Ke4 Re6+ 42. Kd3 Ra6 43. Ra1 Kb5 44. Kd4 Rd6+ 45. Ke5 Ra6 46.
Ra3 Kc4 47. Kf4 Kb5 48. Kg4 c5 49. h5 gxh5+ 50. Kxh5 Kc4 51. Kg4 Kd3 52. Kf5
1/2-1/2

[Event "DEN-chT 0607"]
[Site "Denmark"]
[Date "2006.11.05"]
[Round "2.8"]
[White "Knudsen, Jes West"]
[Black "Petersen, Age"]
[Result "1/2-1/2"]
[WhiteElo "1973"]
[BlackElo "1953"]
[PlyCount "32"]
[EventDate "2006.11.04"]
[EventType "team"]
[EventRounds "9"]
[EventCountry "DEN"]
[Source "ChessBase"]
[SourceDate "2007.02.01"]
[WhiteTeam "Helsinge"]
[BlackTeam "Helsingor"]
[WhiteTeamCountry "DEN"]
[BlackTeamCountry "DEN"]

1. e4 c6 2. Nc3 d5 3. Qf3 dxe4 4. Nxe4 Nd7 5. d4 Ngf6 6. Bc4 e6 7. c3 Nxe4 8.
Qxe4 Nf6 9. Qc2 b6 10. Nf3 Bb7 11. Bg5 Qc7 12. O-O-O Bd6 13. Rhe1 O-O-O 14. Ne5
Kb8 15. Nd3 h6 16. Bd2 Rhe8 1/2-1/2

[Event "DEN-chT 0607"]
[Site "Denmark"]
[Date "2006.11.05"]
[Round "2.1"]
[White "Andreasen, Per Naesby"]
[Black "Rasmussen, Karsten"]
[Result "0-1"]
[WhiteElo "2228"]
[BlackElo "2463"]
[PlyCount "74"]
[EventDate "2006.11.04"]
[EventType "team"]
[EventRounds "9"]
[EventCountry "DEN"]
[Source "ChessBase"]
[SourceDate "2007.02.01"]
[WhiteTeam "Norresundby"]
[BlackTeam "Skolerne"]
[WhiteTeamCountry "DEN"]
[BlackTeamCountry "DEN"]

1. d4 d5 2. Nf3 Nf6 3. c4 e6 4. g3 dxc4 5. Qa4+ c6 6. Qxc4 b5 7. Qb3 a6 8. Bg2
c5 9. a4 c4 10. Qd1 Bb7 11. axb5 axb5 12. Rxa8 Bxa8 13. O-O Be7 14. b3 cxb3 15.
Nbd2 O-O 16. Nxb3 Nbd7 17. Bd2 Qb6 18. Qc2 Be4 19. Qb2 b4 20. Rc1 Qb5 21. Be1
Rb8 22. h3 h6 23. Kh2 Nd5 24. Ne5 Bxg2 25. Nxd7 Qxd7 26. Kxg2 Nb6 27. Kh2 Qb5
28. Nc5 Na4 29. Nxa4 Qxa4 30. Ra1 Qb5 31. Ra7 Bd6 32. Kg1 Qf5 33. h4 Rc8 34.
Bxb4 Bxb4 35. Qxb4 Rc1+ 36. Kg2 Qe4+ 37. Kh2 Qh1# 0-1